000 01250nam a2200277 i 4500
001 BINCO
003 CO-MdBIC
005 20220423132542.0
008 070305s2007 ck a jr 00010 spa d
020 _a9789583025389
040 _a CO-MdBIC
_bspa
_cCO-MdBIC
_dCO-MdBIC
041 _aspa
082 _a598
_bD255
_222
100 1 _aDavies, Valerie.
245 _aAves hermosas
_c/ Valerie Davies, escritora
260 1 _aBogotá, Colombia :
_bPanamericana,
_c[2007]
260 4 _a© 2007
300 _a40 páginas;
_bilustraciones a color:
_c23 cm.
500 _a¿Sabias que el corazón de un colibrí late 1.200 veces por minuto? Realiza un fascinante recorrido detrás de escena y descubre 30 maravillosas aves en su hábitat, y observa como las plumas, alas y picos puntiagudos les permiten desenvolverse en su medio ambiente. Increíbles y detalladas ilustraciones e información recopilada por una experta en vida salvaje te permitirán acercarte al reino animal de un modo diferente.
505 _t
_t
_t
650 4 _aAves
_v Literatura juvenil.
650 _aAves
_x Hábitos y conducta
_v Literatura juvenil.
700 _aHernández, María Lucía,
_etraductor
700 _aDyke, Rob,
_eilustrador
942 _cLGB
999 _c65305
_d65305